ARRUPE JESUIT UNIVERSITY

CORONAVIRUS -STOP THE SPREAD - CLEAN,DISINFECT,COVER

Le triomphe du peuple / (Record no. 118817)

MARC details
000 -LEADER
fixed length control field 00671cam a22002294a 4500
001 - CONTROL NUMBER
control field 13363833
003 - CONTROL NUMBER IDENTIFIER
control field ARRUPE
005 - DATE AND TIME OF LATEST TRANSACTION
control field 20131127165549.0
008 - FIXED-LENGTH DATA ELEMENTS--GENERAL INFORMATION
fixed length control field 031006s2002 iv 000 1 fre
010 ## - LIBRARY OF CONGRESS CONTROL NUMBER
LC control number 2003371195
020 ## - INTERNATIONAL STANDARD BOOK NUMBER
International Standard Book Number 2913942385
040 ## - CATALOGING SOURCE
Original cataloging agency DLC
Transcribing agency DLC
042 ## - AUTHENTICATION CODE
Authentication code pcc
050 00 - LIBRARY OF CONGRESS CALL NUMBER
Classification number PR9371.9O79
Item number T7 2002
300 ## - PHYSICAL DESCRIPTION
Dimensions 19 cm.
100 1# - MAIN ENTRY--PERSONAL NAME
Personal name Oulaté, Maurice,
Dates associated with a name 1932-
9 (RLIN) 4310
245 13 - TITLE STATEMENT
Title Le triomphe du peuple /
Statement of responsibility, etc Maurice Oulaté.
260 ## - PUBLICATION, DISTRIBUTION, ETC. (IMPRINT)
Place of publication, distribution, etc Abidjan :
Name of publisher, distributor, etc Edilis,
Date of publication, distribution, etc c2002.
300 ## - PHYSICAL DESCRIPTION
Extent 105 p. ;
906 ## - LOCAL DATA ELEMENT F, LDF (RLIN)
a 7
b cbc
c orignew
d 3
e ncip
f 20
g y-gencatlg
942 ## - ADDED ENTRY ELEMENTS (KOHA)
Source of classification or shelving scheme Library of Congress Classification
Koha item type Monograph ( Printed materials)
Holdings
Withdrawn status Lost status Source of classification or shelving scheme Damaged status Not for loan Collection code Home library Current library Shelving location Date acquired Total Checkouts Full call number Barcode Date last seen Price effective from Koha item type
    Library of Congress Classification     Main Collection ARRUPE LIBRARY ARRUPE LIBRARY Main Collection 27/11/2013   PR9371.9O79 T7 2002 46410371 27/11/2013 27/11/2013 Monograph ( Printed materials)

 

Arrupe Library. PO Box MP320 Mt Pleasant, Harare, Zimbabwe
263 242 745411|librarian@aju.ac.zw